000 00919nam a22002897a 4500
001 7069
003 FISKH
005 20250702103331.0
008 250619b cb ||||| |||| 00| 0 eng d
020 _a9781615904907
040 _aFISKH
_beng
_cFISKH
_dFISKH
050 _aSF459.H47 A76
082 _a639.67
100 _aArmentrout, David
245 _aHelp! I have a hermit crab /
_cBy David and Patricia Armentrout
260 _aFlorida :
_bRourke Publishing ,
_c2011.
300 _a24 pages :
_bcolor illustrations ;
_c19 x 26 cm .
490 _aLet's talk about pets
505 _aO
520 _aThe perfect introduction to being a pet owner for the child ready to get a hermit crab.
521 8 _a600
_bLexile estimate
521 8 _aO
_bRaz-Plus
650 _aHermit crabs as pet
_vJuvenile Literature
700 _aSturm, Jeanne
_eEditor
942 _2ddc
_cBK
_n0
999 _c7069
_d7069